000 00856nam a2200193 a 4500
001 000034940
005 20200930074011.0
008 111021s1945 mx ac 000 0 spa d
040 _aDO-SdBNP
_bspa
_cBNPHU
082 _axxxx
_bB198f
100 1 _aBalzac, Honorato de
_960516
245 1 0 _aFisiología del matrimonio , o , meditaciones de filosofía eclectica relativas a la felicidad y desgracia de los casados /
_cversión española de Ceferino Palencia e ilustraciones de Enrique Climent.
246 1 0 _aMeditaciones de filosofía eclectica relativas a la felicidad y desgracia de los casados
260 _aMéxico :
_bEditorial Leyenda,
_c1945.
300 _a374 p. :
_bils. retr. ;
_c23 cm.
590 _aPerteneció a la biblioteca personal de Juan Isidro Jimenes Grullón
700 1 _aPalencia, Ceferino
_960517
700 1 _aCliment, Enrique
_960518
999 _c34431
_d34431